LEADER 02701oam 2200637I 450 001 9910779873303321 005 20230803021132.0 010 $a0-429-08715-2 010 $a981-4364-46-0 024 7 $a10.1201/b14781 035 $a(CKB)2550000001100899 035 $a(OCoLC)895722556 035 $a(CaPaEBR)ebrary11007136 035 $a(SSID)ssj0000885276 035 $a(PQKBManifestationID)11536555 035 $a(PQKBTitleCode)TC0000885276 035 $a(PQKBWorkID)10947137 035 $a(PQKB)10793171 035 $a(MiAaPQ)EBC1220124 035 $a(Au-PeEL)EBL1220124 035 $a(CaPaEBR)ebr11007136 035 $a(CaONFJC)MIL502284 035 $a(OCoLC)853360721 035 $a(OCoLC)848162560 035 $a(EXLCZ)992550000001100899 100 $a20180331d2013 uy 0 101 0 $aeng 135 $aurcnu|||||||| 181 $ctxt 182 $cc 183 $acr 200 10$aEngineering of polysaccharide materials $eby phosphorylase-catalyzed enzymatic chain-elongation /$fJun-ichi Kadokawa, Yoshiro Kaneko 205 $aFirst edition. 210 1$aSingapore :$cPan Stanford Pub.,$d2013. 215 $a1 online resource (140 p.) 300 $aBibliographic Level Mode of Issuance: Monograph 311 $a1-299-71033-6 311 $a981-4364-45-2 320 $aIncludes bibliographical references at the end of each chapters. 327 $a1. Introduction -- 2. General scope for enzymatic tools in engineering of polysaccharide materials -- 3. Phosphorylase-catalyzed enzymatic glycosylation -- 4. Phosphorylase-catalyzed enzymatic polymerization -- 5. Chemoenzymatic synthesis of amylose-grafted synthetic polymers by utilizing phosphorylase catalysis -- 6. Chemoenzymatic synthesis of amylose-grafted biopolymers by utilizing phosphorylase catalysis -- 7. Preparation of amylose-polymer inclusion complexes in phosphorylase-catalyzed enzymatic polymerization (vine-twining polymerization) -- 8. Extension of vine-twining polymerization by phosphorylase catalysis -- 9. Carbohydrate engineering by phosphorylase catalysis -- 10. Preparation of amylose-based nanomaterials by phosphorylase catalysis. 606 $aPolysaccharides$xSynthesis 606 $aPolymerization 606 $aChemical engineering 615 0$aPolysaccharides$xSynthesis. 615 0$aPolymerization. 615 0$aChemical engineering. 676 $a547.782 700 $aKadokawa$b Jun-ichi.$01523599 701 $aKaneko$b Yoshiro$01523600 801 0$bMiAaPQ 801 1$bMiAaPQ 801 2$bMiAaPQ 906 $aBOOK 912 $a9910779873303321 996 $aEngineering of polysaccharide materials$93763876 997 $aUNINA LEADER 02278nas 2200673- 450 001 996203645803316 005 20230707213041.0 011 $a2161-7953 035 $a(DE-599)ZDB2009915-0 035 $a(OCoLC)39852205 035 $a(CKB)954925377894 035 $a(CONSER)sn-98023303- 035 $a(EXLCZ)99954925377894 100 $a19980910a19079999 s-- a 101 0 $aeng 135 $aurbn||||||abp 135 $aurbn||||||ada 181 $ctxt$2rdacontent 182 $cc$2rdamedia 183 $acr$2rdacarrier 200 04$aThe American journal of international law 210 1$aNew York, U.S.A. :$cPublished for the American Society of International Law by Baker, Voorhis & Co.,$d[1907]- 210 21$aNew York, U.S.A. :$cPublished for the American Society of International Law by Oxford University Press 210 31$aWashington, D.C. :$cAmerican Society of International Law 215 $a1 online resource 300 $aRefereed/Peer-reviewed 311 $a0002-9300 517 1 $aAJIL 531 $aAM J INT LAW 531 $aAMERICAN JOURNAL OF INTERNATIONAL LAW 531 $aAM. J. INT. LAW 531 $aAJIL 606 $aInternational law$vPeriodicals 606 $aInternational relations$vPeriodicals 606 $aDroit international$vPériodiques 606 $aRelations internationales$vPériodiques 606 $aInternational law$2fast$3(OCoLC)fst00976984 606 $aInternational relations$2fast$3(OCoLC)fst00977053 606 $aInternationaal recht$2gtt 606 $aVolkenrecht$2gtt 606 $aINTERNATIONAL LAW$2unbist 608 $aPeriodicals.$2fast 608 $aPeriodicals.$2lcgft 615 0$aInternational law 615 0$aInternational relations 615 6$aDroit international 615 6$aRelations internationales 615 7$aInternational law. 615 7$aInternational relations. 615 17$aInternationaal recht. 615 17$aVolkenrecht. 615 17$aINTERNATIONAL LAW. 676 $a341 712 02$aAmerican Society of International Law, 712 02$aAmerican Society of International Law.$bAnnual Meeting. 906 $aJOURNAL 912 $a996203645803316 996 $aAmerican journal of international law$9802036 997 $aUNISA